Akciová společnost a další právní formy podnikatelských subjektů

Na minha lista:
Detalhes bibliográficos
Autor principal: Žáček, Vladimír
Outros Autores: Kratochvíl, Jaroslav
Formato: Livro
Idioma:tcheco
Publicado em: Praha Inst. řízení 1990
Edição:1. vyd.
Tags: Adicionar Tag
Sem tags, seja o primeiro a adicionar uma tag!

MARC

LEADER 00000nam a2200000 4500
001 c035983
005 20221215115704.0
041 0 |a cze 
044 |a CZ 
245 1 0 |a Akciová společnost a další právní formy podnikatelských subjektů  |c Vladimír Žáček, Jaroslav Kratochvíl 
250 |a 1. vyd. 
264 1 |a Praha  |b Inst. řízení  |c 1990 
300 |a 83 s. 
100 1 |a Žáček, Vladimír 
700 1 |a Kratochvíl, Jaroslav